00376nam a2200133 i 4500001000300000245010500003260004000108300001100148504001400159040000800173041000800181080001200189008004100201bg 0aFunkcii s dvojnoj ortogonal'nost'ju v radioelektronike i optike /cPerev. M. K. Razmachnina [i in.]. aMoskva :b"Sovetskoe Radio",c1971. as. 25. abibliogr. cBPK apol a621.391 s pl f |000 0 pol